LEADER 01566nam 2200373 n 450 001 996390640103316 005 20221108011836.0 035 $a(CKB)4940000000101444 035 $a(EEBO)2248601536 035 $a(UnM)99838256 035 $a(EXLCZ)994940000000101444 100 $a19901031d1616 uy | 101 0 $aeng 135 $aurbn||||a|bb| 200 02$aA silver watch-bell$b[electronic resource] $eThe sound whereof is able (by the grace of God) to winne the most profane worldling, and carelesse liuer (if there be but the least sparke of grace remaining in him) to become a true Christian indeed; that in the end he may obtaine euerlasting saluation. Whervnto is adioyned a treatise of the holy Sacrament of the Lords Supper, in part augmented. By Thomas Tymme 205 $aThe eleuenth impression. 210 $aLondon $cPrinted [by T. Purfoot] for Clement Knight, dwelling in Paules Churchyard, at the signe of the Holy Lambe$d1616 215 $a[16], 288 p 300 $aPrinter's name from STC. 300 $aReproduction of the original in the Cambridge University Library. 330 $aeebo-0021 606 $aChristian life$vEarly works to 1800 606 $aLord's Supper$vPrayer-books and devotions$vEarly works to 1800 615 0$aChristian life 615 0$aLord's Supper 700 $aTymme$b Thomas$fd. 1620.$0845471 801 0$bCu-RivES 801 1$bCu-RivES 801 2$bCStRLIN 801 2$bWaOLN 906 $aBOOK 912 $a996390640103316 996 $aA silver watch-bell$91887141 997 $aUNISA LEADER 01742oam 2200517 a 450 001 9910702206503321 005 20121109154248.0 035 $a(CKB)5470000002426088 035 $a(OCoLC)816704997 035 $a(EXLCZ)995470000002426088 100 $a20121109d1988 ua 0 101 0 $aeng 135 $aurbn||||||||| 181 $ctxt$2rdacontent 182 $cc$2rdamedia 183 $acr$2rdacarrier 200 00$aSuperfluid Helium Tanker (SFHT) study$b[electronic resource] $efinal report 210 1$a[Houston, Tex.] :$c[National Aeronautics and Space Administration (NASA) Lyndon B. Johnson Space Center],$d[1988] 215 $a1 online resource (160 unnumbered pages) $cillustrations 225 1 $a[NASA contractor report ;$vNASA CR-172116] 300 $aTitle from title screen (viewed on Nov. 9, 2012). 300 $a"1 October 1988." 320 $aIncludes bibliographical references (page [156-157]). 517 $aSuperfluid Helium Tanker 606 $aCryogenic fluid storage$2nasat 606 $aLiquid helium$2nasat 606 $aMission planning$2nasat 606 $aSpace logistics$2nasat 606 $aSpacecraft configurations$2nasat 606 $aSuperfluidity$2nasat 606 $aTanks (containers)$2nasat 615 7$aCryogenic fluid storage. 615 7$aLiquid helium. 615 7$aMission planning. 615 7$aSpace logistics. 615 7$aSpacecraft configurations. 615 7$aSuperfluidity. 615 7$aTanks (containers) 712 02$aLyndon B. Johnson Space Center. 801 0$bGPO 801 1$bGPO 801 2$bGPO 906 $aBOOK 912 $a9910702206503321 996 $aSuperfluid Helium Tanker (SFHT) study$93458038 997 $aUNINA